| 000 | 00498nam a2200169 4500 | ||
|---|---|---|---|
| 001 | 118528 | ||
| 003 | ES-MaACL | ||
| 005 | 20231226204635.0 | ||
| 007 | t| | ||
| 008 | 070214s1923 sp r ||||1| spa d | ||
| 100 | 1 |
_aPérez de Ayala, Ramón, _d1880-1962 _990763 |
|
| 245 | 1 | 0 |
_aLuna de miel, luna de hiel _b: novela / _cRamón Pérez de Ayala. |
| 260 |
_aMadrid : _b[s.n.], _c1923 ( _fImprenta Helénica) |
||
| 300 |
_a288 p. ; _c19 cm. |
||
| 852 |
_aES-MaACL _jB-4142 |
||
| 999 |
_c118528 _d118528 |
||